00676nam a22001817a 450000500170000002000260001708200190004310000240006224500690008625000110015526000460016627000600021230000190027270000290029194200260032099900190034695201290036520231005130443.0 a9788194875482c325.00 a332.6422First aDaga, Shikha957679 aInvesting in Stock Markets/cby Shikha Daga and Anuradha Agarwal aFirst  aNew DelhibJSR Publishing House LLPc2023 aWZ 61/8A, Vashisth Park, Pankha RoadbNew Delhie110046 avp.b23cm(pbk) aAgarwal, Anuradha957678 2ddccENh332.642mDAG c198691d198691 00104070aMbMd2023-10-05egift/4.09.23g325.00l0o332.642 DAGpB-755891r2023-10-05 00:00:00t1v325.00w2023-10-05yEN